000 00700nas a2200241 4500
001 BR0701154
003 BR-BrBNA
005 20231205110632.0
007 ta
008 230509b bl.|||p| |||| 00| 00por d
040 _aBR-BrBNA
_bpor
_cBiblioteca Nacional de Agricultura
041 _a(Pt)
072 _aL70
100 1 _aRoza, M.R. da
100 1 _aSilva, F.P.
245 1 _aDens invaginatus bilateral em primeiro molar mandibular em cão
650 _aCÃO
650 _aDENTE
650 _aMANDÍBULA
773 0 _tCiência Animal Brasileira (Brazil)
_xISSN 1518-2797
_g(Apr-Jun 2006), v. 7(2) p. 201-205
_wBR0701154
909 _a202311
_bLúcia
_c55
_dLúcia Elande
942 _2AGRIS
_n0
_cANA
999 _c188287
_d188287